Shrimad Bhagwad Geeta (Record no. 17887)

000 -LEADER
fixed length control field 00352nam a22001337a 4500
008 - FIXED-LENGTH DATA ELEMENTS--GENERAL INFORMATION
fixed length control field 201223b ||||| |||| 00| 0 eng d
082 ## - DEWEY DECIMAL CLASSIFICATION NUMBER
Edition number 23rd Ed.
Classification number 294.592
Item number PAT
100 ## - MAIN ENTRY--PERSONAL NAME
Personal name Patil, Dr Archana
245 ## - TITLE STATEMENT
Title Shrimad Bhagwad Geeta
260 ## - PUBLICATION, DISTRIBUTION, ETC. (IMPRINT)
Place of publication, distribution, etc. Maharashtra
Name of publisher, distributor, etc. DR Archana Patil
Date of publication, distribution, etc. 2007
300 ## - PHYSICAL DESCRIPTION
Extent 211p
Dimensions 22cm
650 ## - SUBJECT ADDED ENTRY--TOPICAL TERM
Source of heading or term Bhagawadgeeta
942 ## - ADDED ENTRY ELEMENTS (KOHA)
Source of classification or shelving scheme
Koha item type Books
Holdings
Withdrawn status Lost status Source of classification or shelving scheme Materials specified (bound volume or other part) Damaged status Not for loan Collection code Permanent location Current location Shelving location Date acquired Coded location qualifier Full call number Barcode Date last seen Price effective from Koha item type
      HB     Donated (দান-বৰঙণী) Maulana Azad Central Library Maulana Azad Central Library Donated Book 2020-12-23 DNT 294.592 PAT DNT 192 2020-12-23 2020-12-23 Books

Copyright @ USTM
Techno City, Kiling Road, Baridua, 9th Mile,
Ri-Bhoi, Meghalaya-793101

Powered by Koha